La naturaleza secreta de la historia de este mundo /

Uloženo v:
Podrobná bibliografie
Hlavní autor: Pron, Patricio (autor)
Médium: Kniha
Jazyk:španělština
Vydáno: Barcelona, España : Anagrama, 2023, c2023
Edice:(Narrativas Hispánicas ; 721)
Témata:
Tagy: Přidat tag
Žádné tagy, Buďte první, kdo vytvoří štítek k tomuto záznamu!

MARC

LEADER 00000nam^a2200000^a^4500
001 000578177
005 20250521000000.0
009 20260310132504.12
020 |a 978-84-339-1118-6 
037 |a Acervo ITESO - Biblioteca 
041 |a ESP 
082 |a 863.  |b PRO 
100 |a Pron, Patricio  |e (autor) 
245 1 3 |a La naturaleza secreta de la historia de este mundo /  |c P. Pron. 
264 4 |a Barcelona, España :  |b Anagrama,  |c 2023, c2023 
300 |a 227 p. 
336 |a texto  |b txt  |2 rdacontenido 
337 |a sin mediación  |b n  |2 rdamedio 
338 |a volumen  |b nc  |2 rdasoporte 
440 1 |a (Narrativas Hispánicas ;  |v 721) 
521 |a FIL 2023 DIA 
545 0 |a El escritor argentino Patricio Pron nació en 1975 en la ciudad de Rosario, en cuya universidad estudió Comunicación Social, luego se doctoró en Filología Románica por la Universidad Georg-August de Göttingen, en Alemania. Desde muy joven ha destacado por la calidad y madurez de sus obras, ricas en detalles, mezcla de narrativa y realidad; en su prosa cuidada, con una variedad de temas, a la vez que equilibrada y amena, densa pero ligera, suele proponer la relación del artista con su obra: ésta siempre excede los límites y las intenciones de aquél; sus personajes muestran una relación con su propia historia desde el presente, en una sociedad en constante cambio, donde las relaciones interpersonales se ven trastocadas por la tecnología. Ha recibido, entre otros, el Premio Juan Rulfo (2004), el Premio Jaén de novela (2008), y el Premio Alfaguara de novela (2019). Entre sus obras se encuentran: Hombres infames (1999); Una puta mierda (2007); El mundo sin las personas que lo afean y lo arruinan (2010); El espíritu de mis padres sigue subiendo en la lluvia (2011); La vida interior de las plantas de interior (2013); Nosotros caminamos en sueños (2014); No derrames tus lágrimas por nadie que viva en estas calles (2016); y Mañana tendremos otros nombres (2019). 
649 |a XX 
650 |a Novela Argentina 
650 |a Literatura Argentina -  |y Siglo XXI 
650 |a Relaciones Familiares en la Literatura 
650 |a Intimidad en la Literatura 
650 |a Comunicación Personal en la Literatura 
910 |a Fondo General 
920 |a Impresos - Libros 
930 |a Colección General 
940 |a Literatura 
905 |a 101 
901 |a 0500389760  |b IT1  |c LIT  |i C183736  |u 20250521 
902 |a https://opac.biblio.iteso.mx/vufind/Record/000578177